| 000 | 00461nam a2200181Ia 4500 | ||
|---|---|---|---|
| 003 | GCL | ||
| 008 | 140319s9999 xx 000 0 eng d | ||
| 040 |
_aGCL / _cGCL |
||
| 082 | 0 | 4 |
_a069 _bB M |
| 100 | 1 | _aBAIKOVA, I. | |
| 245 | 1 | 0 |
_aMUSEUMS IN AND AROUND MOSCOW: A GUIDE / _cBAIKOVA, I. |
| 260 |
_a[S.N] : _bRADUGA PUBLISHERS ، _c1983 |
||
| 300 | _a196 P | ||
| 650 | 0 | 4 | _aMOSCOW |
| 650 | 0 | 4 | _aMUSEUM - HANDBOOKS |
| 650 | 0 | 4 | _aGUIDE BOOKS |
| 942 |
_2ddc _cBK |
||
| 999 |
_c11763 _d11763 |
||